00986cam a2200229 a 450000100100000000500170001000800410002704000250006804100130009310000370010624500650014326000390020830000220024744000730026944000730034253400400041560000290045570000330048495201120051795201120062999900150074100000474320200929151508.0780607s1985 cl 000 f spa  aDO-SdBNPbspacBNPHU17aspahfre1 aHugo, Victor,d1802-1885.91379014aLos miserables /cVictor Hugo, traducción, Aurora Alemany. aSantiago, Chile :bErcilia,c1985. a2 t. p. ;c19 cm. 0at. 1. Los Mejores Libros de la Literatura Universal ;vno. 31913791 0at. 2. Los Mejores Libros de la Literatura Universal ;vno. 32913792 aTítulo orignal: Les Misérables.10aPenalosa, Javier.9137931 aAlemany, Aurora,etr.913794 001052708MOaGRbGRcCTd2009-07-25iLF1l0ot.1p4743-10r2020-06-25w2020-06-25y2ZPréstamo interno 001052708MOaGRbGRcCTd2009-07-25iLF1l0ot.2p4743-20r2020-06-25w2020-06-25y2ZPréstamo interno c4549d4549